Online
Catalog

Aragón, litoral mediterráneo : (Record no. 6729)

MARC details
000 -CABECERA
campo de control de longitud fija 01389cam a2200301 a 4500
001 - NÚMERO DE CONTROL
campo de control 000006945
005 - FECHA Y HORA DE LA ÚLTIMA TRANSACCIÓN
campo de control 20200929154028.0
008 - DATOS DE LONGITUD FIJA--INFORMACIÓN GENERAL
campo de control de longitud fija 960301s1992 sp ab b 100 0 spa d
020 ## - NÚMERO INTERNACIONAL ESTÁNDAR DEL LIBRO
Número Internacional Estándar del Libro 8478201319
040 ## - FUENTE DE LA CATALOGACIÓN
Centro catalogador/agencia de origen DO-SdBNP
Lengua de catalogación spa
Centro/agencia transcriptor BNPHU
245 00 - MENCIÓN DE TÍTULO
Título Aragón, litoral mediterráneo :
Resto del título intercambios culturales durante la prehistoria /
Mención de responsabilidad, etc. coordinadora, Pilar Utrilla Miranda.
260 ## - PUBLICACIÓN, DISTRIBUCIÓN, ETC.
Lugar de publicación, distribución, etc. Zaragoza :
Nombre del editor, distribuidor, etc. Institución Fernando el Católico,
Fecha de publicación, distribución, etc. 1992.
300 ## - DESCRIPCIÓN FÍSICA
Extensión 660 p. :
Otras características físicas il., maps. , gráf. ;
Dimensiones 31 cm.
490 1# - MENCIÓN DE SERIE
Mención de serie Institución Fernando el Católico
Designación de volumen o secuencia 1302
500 ## - NOTA GENERAL
Nota general "En homenaje a Juan Maluquer de Motes."
500 ## - NOTA GENERAL
Nota general Documentos presentados en un seminario patrocinado por la Institución "Fernando el Católico".
500 ## - NOTA GENERAL
Nota general En la cubierta: Ponencias y comunicaciones.
504 ## - NOTA DE BIBLIOGRAFÍA, ETC.
Nota de bibliografía, etc. Contiene referencias bibliográficas y notas al pie de las páginas
650 #0 - PUNTO DE ACCESO ADICIONAL DE MATERIA--TÉRMINO DE MATERIA
Término de materia o nombre geográfico como elemento de entrada Prehistoria
Subdivisión geográfica España
-- Aragón
9 (RLIN) 19276
650 #0 - PUNTO DE ACCESO ADICIONAL DE MATERIA--TÉRMINO DE MATERIA
Término de materia o nombre geográfico como elemento de entrada Antiguedades
Subdivisión geográfica España
-- Aragón
9 (RLIN) 19277
650 #0 - PUNTO DE ACCESO ADICIONAL DE MATERIA--TÉRMINO DE MATERIA
Término de materia o nombre geográfico como elemento de entrada Excavaciones (arqueología)
Subdivisión geográfica España
-- Aragón
9 (RLIN) 19278
651 #0 - PUNTO DE ACCESO ADICIONAL DE MATERIA--NOMBRE GEOGRÁFICO
Nombre geográfico Aragón (España{Rpara}
Subdivisión general Antiguedades
9 (RLIN) 19279
600 10 - PUNTO DE ACCESO ADICIONAL DE MATERIA--NOMBRE DE PERSONA
Nombre de persona Maluquer de Motes y Nicolau, Juan.
9 (RLIN) 19280
700 1# - PUNTO DE ACCESO ADICIONAL--NOMBRE DE PERSONA
Nombre de persona Utrilla Miranda, Pilar,
Término indicativo de función/relación coord.
9 (RLIN) 19281
700 1# - PUNTO DE ACCESO ADICIONAL--NOMBRE DE PERSONA
Nombre de persona Maluquer de Motes y Nicolau, Juan.
9 (RLIN) 19280
710 1# - PUNTO DE ACCESO ADICIONAL--NOMBRE DE ENTIDAD CORPORATIVA
Nombre de entidad corporativa o nombre de jurisdicción como elemento de entrada Institución "Fernando el Católico."
9 (RLIN) 19282
830 #0 - PUNTO DE ACCESO ADICIONAL DE SERIE-TÍTULO UNIFORME
Título uniforme Institución "Fernando el Católico"
Designación de volumen o secuencia 1302
9 (RLIN) 16722
Holdings
Estado de retiro Estado de pérdida Restricciones de uso No para préstamo Código de colección Localización permanente Ubicación/localización actual Ubicación en estantería Fecha de adquisición Número de inventario Total de préstamos Signatura topográfica completa Código de barras Fecha visto por última vez Precio válido a partir de Tipo de ítem Koha
    Préstamo interno   Monografías: Libros y Folletos General General En catalogación 03.09.2009 LF1   6945-10 25.06.2020 25.06.2020 Préstamo interno

Powered by Koha